00484cam a2200181 a 450000100100000000500170001000800410002701000130006803500190008104000250010004300120012508200180013724500210015526000480017630000340022450400330025865000110029100001414020200929163506.0890530s1984 cu ab b f000 0 spa d a89146539 a(DLC) 89146539 aDO-SdBNPbBNPHUcDLC anwcu--- a551.447bC96500aCuevas y carsos. aLa Habana :bCientífico-Técnica,c1984. a431 p. :bil., maps ;c25 cm. aBibliografías: p. 411-419. 4aCuevas